| 000 | 00357nam a2200133Ia 4500 | ||
|---|---|---|---|
| 008 | 150202s9999 xx 000 0 und d | ||
| 020 | _a553561367 | ||
| 050 |
_aFIC _bFIC |
||
| 100 | _aKrantz, Judith. | ||
| 245 |
_aSpring collection / _cJudith Ktantz. |
||
| 260 |
_aNew York : _bBantam Books, _c1996. |
||
| 300 |
_a402 pages : _c18 cm. |
||
| 650 | _aFiction. | ||
| 999 |
_c282168 _d282168 |
||